000
00285nam a2200121Ia 4500
008
190216s9999||||xx |||||||||||||| ||und||
100
_a
Annapurna Sircar
245
0
_a
Chaos & Physical Reality
260
_b
Sarat Book Distributors
300
_a
181
650
_a
Physics
942
_c
BK
999
_c
34177
_d
34177